The Joy Luck Club /
Gorde:
| Egile nagusia: | |
|---|---|
| Formatua: | Ezezaguna |
| Hizkuntza: | English |
| Argitaratua: |
New York :
Ivy Books,
1989.
|
| Gaiak: | |
| Etiketak: |
Etiketa erantsi
Etiketarik gabe, Izan zaitez lehena erregistro honi etiketa jartzen!
|
MARC
| LEADER | 000000000a22000000004500 | ||
|---|---|---|---|
| 001 | 013018 | ||
| 041 | 0 | |a eng | |
| 082 | 0 | 4 | |a 813.54 |b T161j |
| 100 | 1 | |a Tan, Amy | |
| 245 | 1 | 4 | |a The Joy Luck Club / |c Amy Tan. |
| 260 | 1 | |a New York : |b Ivy Books, |c 1989. | |
| 300 | |a 332 páginas | ||
| 650 | 4 | |a MUJER | |
| 650 | 4 | |a SOCIEDADES Y CLUBES | |
| 650 | 4 | |a FICCION | |
| 650 | 4 | |a MEDRES E HIJAS | |
| 650 | 4 | |a AMISTAD FEMENINA | |
| 500 | |a Colección George Yúdice | ||
| 999 | |c 18962 |d 18962 | ||
| 942 | |c BK |h 813.54 T161j |2 z | ||
